|
|
|
|
| LEADER |
00000nam0a2200000 4500 |
| 001 |
230864 |
| 005 |
20231101231032.0 |
| 035 |
|
|
|a (RuTPU)RU\TPU\book\251850
|
| 090 |
|
|
|a 230864
|
| 100 |
|
|
|a 20130125d1941 km y0rusy50 ca
|
| 101 |
0 |
|
|a rus
|
| 102 |
|
|
|a RU
|
| 105 |
|
|
|a a z 000zy
|
| 200 |
1 |
|
|a Никель и кобальт, где они применяются и как их искать в природе
|f Н. В. Борисевич
|
| 210 |
|
|
|a Москва
|a Ленинград
|c Госгеолиздат
|d 1941
|
| 215 |
|
|
|a 32 с.
|c ил.
|
| 225 |
1 |
|
|a Научно-популярная серия по геологии
|
| 317 |
|
|
|5 63413507: КР-528
|a Поступила в НТБ в 2004 г. в составе книжного собрания профессора ТПИ К. В. Радугина.
|
| 330 |
|
|
|a В настоящей книжке в популярной, общедоступной форме рассказывается об истории открытия никеля и кобальта и о первом применении их в практических целях, а также о важнейших физических свойствах этих металлов и о современном использовании их в технике. Кроме того, в книжке рассказывается, в каком виде и где встречаются никель и кобальт в природе и по каким признакам можно обнаружить их присутствие. Книжка рассчитана на самый широкий круг читателей: рабочих, колхозников, учащихся, сельскую и городскую интеллигенцию, краеведов, туристов. Желательно, чтобы эта книжка нашла также широкое распространение среди горнорабочих и старателей, так как среди руд железа, меди, золота, олова и других полезных ископаемых иногда встречаются минералы никеля и кобальта, которые по неосведомленности работающих пропускаются и практически не используются.
|
| 606 |
1 |
|
|a Никелевые месторождения
|2 stltpush
|3 (RuTPU)RU\TPU\subj\46202
|9 65385
|
| 606 |
1 |
|
|a Кобальтовые месторождения
|2 stltpush
|3 (RuTPU)RU\TPU\subj\14597
|9 40963
|
| 610 |
1 |
|
|a никель
|
| 610 |
1 |
|
|a кобальт
|
| 610 |
1 |
|
|a открытие
|
| 610 |
1 |
|
|a история
|
| 610 |
1 |
|
|a применение
|
| 610 |
1 |
|
|a поиски
|
| 610 |
1 |
|
|a минералы
|
| 610 |
1 |
|
|a руды
|
| 610 |
1 |
|
|a владельческая надпись
|
| 610 |
1 |
|
|a библиотека К. В. Радугина
|
| 675 |
|
|
|a 553.481
|v 3
|
| 675 |
|
|
|a 553.484
|v 3
|
| 700 |
|
1 |
|a Борисевич
|b Н. В.
|
| 801 |
|
1 |
|a RU
|b 63413507
|c 20130125
|
| 801 |
|
2 |
|a RU
|b 63413507
|c 20130320
|g RCR
|
| 942 |
|
|
|c BK
|